000 01107nam a2200265Ia 4500
001 226.92-QUÉ fr do (14336)
003 IT-MiSPE
008 171229s9999||||xx |||||||||||||| ||und||
040 _aIT-MiSPE
_cIT-MiSPE
041 _aITALIANO
100 _aFrance Quéré
240 _aLes femmes de l'Évangile
245 0 _aLe donne nel vangelo
250 _a1a ed. (v)
260 _aMilano
_bRusconi
_c1983
300 _a218 p.
_c22 cm
490 _aDimensione religiosa
501 _aEdizioni San Paolo srl - Piazza Soncino, 5 - 20092 CINISELLO BALSAMO (MI) (non commercial uses only) ® Copyright 2018
520 _aArmando Guidetti (intr.)
700 _aArmando Guidetti
700 _aMarco Micheli
_g(traduzione)
942 _cBK
957 _71
999 _a710
_bNO
_g Copie: 1
_c339244
_d339244